X and Motif quick reference guide : Based on X Window system version 11, release 4, and ASF/Motif version 1.1 /

Guardado en:
Detalles Bibliográficos
Autor principal: Rost, Randi J (Autor)
Formato: Libro
Lenguaje:inglés
Publicado: Massachusetts : Digital Press, 1990
Materias:
Etiquetas: Agregar Etiqueta
Sin Etiquetas, Sea el primero en etiquetar este registro!

MARC

LEADER 00000nam a22000003a 4500
001 stu2964
005 20201005123609.3
008 930122s1990----xxu-----------------eng-d
020 |a 0-13-973165-2 
040 |a STU  |b slo 
041 0 |a eng 
044 |a xxu 
080 |a 681.32.06 
080 |a X Window 
080 |a 519.68 
080 |a OSF/Motif 
100 1 |a Rost, Randi J  |4 aut 
245 1 |a X and Motif quick reference guide :  |b Based on X Window system version 11, release 4, and ASF/Motif version 1.1 /  |c [aut.] Rost,Randi J 
260 |a Massachusetts :  |b Digital Press,  |c 1990 
300 |a 369 s 
650 7 |a programové systémy  |2 stusub 
650 7 |a počítačové programy  |2 stusub 
996 |b I4729  |c I*4729  |l II680  |s A  |a 24  |w stu2964_0001